Online Catalogue and eLibrary

Manual ; (Record no. 554)

MARC details
000 -LEADER
fixed length control field 00348nam a22001337a 4500
005 - DATE AND TIME OF LATEST TRANSACTION
control field 20240307013821.0
008 - FIXED-LENGTH DATA ELEMENTS--GENERAL INFORMATION
fixed length control field 240307b |||||||| |||| 00| 0 eng d
082 ## - DDC Classification
DDC Edition Number 22
Class No. 323.4.
Item Number - Author Mark MAN.
245 ## - TITLE STATEMENT
Title Manual ;
Statement of responsibility, etc. Children's Development Khazana .
260 ## - PUBLICATION, DISTRIBUTION, ETC.
Place of publication, distribution, etc. New Delhi :
Name of publisher, distributor, etc. A Butterflies initiative
300 ## - PHYSICAL DESCRIPTION
Extent (e.g. Volumes, Pages etc.) 120 p.,
650 ## - SUBJECT ADDED ENTRY--TOPICAL TERM
Topical term or geographic name entry element Political.
942 ## - Koha item type (Biblio)
Koha item type Books in Stacks (Lending)
Holdings
Lost status Damaged status Collection code Home library Current library Date acquired Full call number Accession Number Item type
    Lending WERC Library WERC Library 03/07/2024 323.4. MAN. 6991 Books in Stacks (Lending)

© WERC Library